000 00625nam a2200181Ia 4500
008 151018s9999 xx 000 0 und d
082 _bRBASDV26567
_a891.463
100 _aवा शि आपटे
245 _aसाप बंगल्यातील साहस
250 _b2
260 _bश्रीराम प्रकाशन पुणे
_c1983
300 _a64
600 _aवा शि आपटे
630 _aसाप बंगल्यातील साहस
700 _aवा शि आपटे
730 _aसाप बंगल्यातील साहस
942 _cBOOK
999 _c1026170
_d1026167